000 02540ngm a2200433 4500
003 dpl
005 20090109165823.0
007 DVD
008 ||||||sp199 xxu|||||c ||| 00| 0 ng d
010 _aDVD-002018-2019 & DVD-004906-5000
024 _aSHE DVD 205
_c99.00
035 _aDVD-002018-2019
035 _aDVD-004906-5000
040 _aDPL
_cDPL
082 _aDVD / MERA
245 _aMera Saaya
_cPremji Presents
_h[videorecording] DVD/
260 _bShemaroo Video Pvt. Ltd.
300 _a1 videodisc DVD; (132 min.)
_bsd., col. ;
_c4 3/4 in.
_fDVD
440 _aShemaroo Home Entertainment
538 _aDolby Digital 5.1 - Hindi Subtitles: English
538 _aAnamorphic Wide Screen Format, Presented 2:35.1 Aspect Ratio Enhancaead for 16:9 Wide Screen
650 _aMotion Picture
700 _aPremji
700 _aKhosla, Raj
700 _aMadan Mohan
700 _aDutt, Sunil
700 _aSadhana
700 _aChopra, Prem
942 _cCF
_2ddc
_hDVD
_mMERA
999 _c20821
_d20821